MARC details
| 000 -LEADER |
| fixed length control field |
00867cam a2200217 4500 |
| 001 - CONTROL NUMBER |
| control field |
WB@3612-272 |
| 008 - FIXED-LENGTH DATA ELEMENTS--GENERAL INFORMATION |
| fixed length control field |
040803n2004 000 0 eng u |
| 035 ## - SYSTEM CONTROL NUMBER |
| System control number |
(Sirsi) u126997 |
| 245 ## - TITLE STATEMENT |
| Title |
Sea power |
| 260 ## - PUBLICATION, DISTRIBUTION, ETC. |
| Date of publication, distribution, etc. |
2004 |
| 490 ## - SERIES STATEMENT |
| Series statement |
DTI Press Release |
| Volume/sequential designation |
(gnn99332P) 2 August 2004 (3) |
| 520 ## - SUMMARY, ETC. |
| Summary, etc. |
A £50m marine research development fund has been set up by government. It will be used to support businesses throughout the UK who can take first class research and development and bring it to market. The focus of the fund is on wave and tidal stream power as a potential source of renewable energy. http://www.gnn.gov.uk/Content/Detail.asp?ReleaseID =125300&NewsAreaID=2 |
| 590 ## - LOCAL NOTE (RLIN) |
| Local note |
WB |
| 590 ## - LOCAL NOTE (RLIN) |
| Local note |
WB |
| 650 ## - SUBJECT ADDED ENTRY--TOPICAL TERM |
| Topical term or geographic name entry element |
RENEWABLE ENERGY |
| 650 ## - SUBJECT ADDED ENTRY--TOPICAL TERM |
| Topical term or geographic name entry element |
TIDAL POWER |
| 650 ## - SUBJECT ADDED ENTRY--TOPICAL TERM |
| Topical term or geographic name entry element |
WAVE POWER |
| 650 ## - SUBJECT ADDED ENTRY--TOPICAL TERM |
| Topical term or geographic name entry element |
WIND POWER |
| 690 ## - LOCAL SUBJECT ADDED ENTRY--TOPICAL TERM (OCLC, RLIN) |
| Topical term or geographic name as entry element |
ENERGY |
| 9 (RLIN) |
6237 |
| 942 ## - ADDED ENTRY ELEMENTS (KOHA) |
| Suppress in OPAC |
0 |